Statistics for DC Comics Movies: Name the Actor - Quiz #1

Click here to take the quiz!

General Stats

  • This quiz has been taken 22 times
  • The average score is 15 of 30

Answer Stats

Character and Year of Movie Actress or Actor % Correct
Bruce Wayne (2012)Christian Bale
95%
Batman (1997)George Clooney
90%
Hal Jordan (2011)Ryan Reynolds
85%
Bruce Wayne (1992)Michael Keaton
80%
Selina Kyle (2012)Anne Hathaway
80%
The Penguin (1992)Danny DeVito
75%
The Joker (1966)Cesar Romero
70%
Two-Face (1995)Tommy Lee Jones
65%
John Constantine (2005)Keanu Reeves
65%
Poison Ivy (1997)Uma Thurman
60%
Harvey Dent (2008)Aaron Eckhart
60%
Robin (1995)Chris O'Donnell
60%
Superman (2006)Brandon Routh
55%
Lex Luthor (1987)Gene Hackman
50%
Vicki Vale (1989)Kim Basinger
50%
Patience Phillips (2004)Halle Berry
45%
Rachel Dawes (2008)Maggie Gyllenhaal
45%
Dr. Chase Meridian (1995)Nicole Kidman
40%
Jonah Hex (2010)Josh Brolin
40%
Harvey Dent (1989)Billy Dee Williams
40%
V (2005)Hugo Weaving
35%
Henri Ducard (2005)Liam Neeson
35%
General Zod (1980)Terence Stamp
30%
John Henry Irons (1997)Shaquille O'Neal
30%
Supergirl (1984)Helen Slater
25%
Lois Lane (2006)Kate Bosworth
25%
Lana Lang (1983)Annette O'Toole
15%
Rorschach (2009)Jackie Earle Haley
10%
Dr. Alec Holland (1982)Ray Wise
5%
Perry White (1978)Jackie Cooper
5%

Score Distribution

Percentile by Number Answered

Percent of People with Each Score

Your Score History

You have not taken this quiz